000 00594nam a22001937a 4500
005 20251108164833.0
008 250721s1984 xx 000 0 ara d
082 1 4 _a813.909563/عبد
100 1 _aالراعي، علي
245 1 0 _aعبد الرحمن مجيد الربيعي روائياً /
264 1 _aبيروت :
_bالدار العربية للموسوعات،
_c1984.
300 _a491ص
650 1 7 _aالقصص العربية
650 1 7 _aالتاريخ الأدبي
650 1 7 _aالنقد الأدبي
650 1 7 _aالعراق
942 _2ddc
_cBK
999 _c15555
_d15555